| 000 | 00347nam a2200145Ia 4500 | ||
|---|---|---|---|
| 008 | 150201s2004 xx 000 0 und d | ||
| 082 |
_a1 _bA2004A |
||
| 100 | _aPENELOPE , ARLON | ||
| 245 | _aANIMAL ENCYCLOPEDIA | ||
| 250 | _a1ST | ||
| 260 |
_bD.K.PUBLICATION _aLONDON _c2004 |
||
| 300 | _a1-160 | ||
| 650 | _aGENERAL DENTISTRY | ||
| 942 |
_2ddc _cBK |
||
| 999 |
_c4777 _d4777 |
||